书目信息 |
| 题名: |
微生物药物学
|
|
| 作者: | 张致平 主编 | |
| 分册: | ||
| 出版信息: | 北京 化学工业出版社 2003.01 |
|
| 页数: | 673页 | |
| 开本: | 26cm | |
| 丛书名: | ||
| 单 册: | ||
| 中图分类: | R914.4 | |
| 科图分类: | ||
| 主题词: | 药物学:基础理论 | |
| 电子资源: | ||
| ISBN: | 7-5025-4125-X | |
| 000 | 00552nam0 2200193 45 | |
| 001 | 0432851057 | |
| 005 | 20050106143307.93 | |
| 010 | @a7-5025-4125-X@dCNY 90.00 | |
| 100 | @a20040426d2003 km y0chiy0120 ea | |
| 101 | 0 | @achi |
| 102 | @aCN@b110000 | |
| 200 | 1 | @a微生物药物学@AWei Sheng Wu Yao Wu Xue@f张致平主编@Fzhang zhi ping zhu bian |
| 210 | @a北京@c化学工业出版社@d2003.01 | |
| 215 | @a673页@d26cm | |
| 606 | 0 | @a药物学:基础理论 |
| 690 | @aR914.4@v3 | |
| 701 | 0 | @a张致平@Azhang zhi ping@4主编 |
| 801 | 0 | @aCN@bPFT@c20050106 |
| 905 | @dR914.4@eZ250 | |
| 微生物药物学/张致平主编.-北京:化学工业出版社,2003.01 |
| 673页;26cm |
| ISBN 7-5025-4125-X:CNY 90.00 |
| ● |
| 相关链接 |
|
|
|
正题名:微生物药物学
索取号:R914.4/Z250
 
预约/预借
| 序号 | 登录号 | 条形码 | 馆藏地/架位号 | 状态 | 备注 |
| 1 | 390636 | 203906363 | 自科二线504/504自科库 39排2列1层/ [索取号:R914.4/Z250] | 在馆 | |
| 2 | 390637 | 203906372 | 自科二线504/504自科库 39排2列1层/ [索取号:R914.4/Z250] | 在馆 | |
| 3 | 390638 | 203906381 | 自科库401/401自科库 22排3列5层/ [索取号:R914.4/Z250] | 在馆 | |
| 4 | 434462 | 204344628 | 自科二线504/504自科库 39排2列1层/ [索取号:R914.4/Z250] | 在馆 | |
| 5 | 434463 | 204344637 | 自科库401/401自科库 22排3列5层/ [索取号:R914.4/Z250] | 在馆 | |
| 6 | 434996 | 204349963 | 自科二线504/504自科库 39排2列1层/ [索取号:R914.4/Z250] | 在馆 |